Normal view
MARC view
Entry Personal Name
001 - CONTROL NUMBER
- control field: 63754
003 - CONTROL NUMBER IDENTIFIER
- control field: dpl
005 - DATE AND TIME OF LATEST TRANSACTION
- control field: 20240321115406.0
008 - FIXED-LENGTH DATA ELEMENTS
- fixed length control field: 240321|| aca||aabn | a|a d
040 ## - CATALOGING SOURCE
- Original cataloging agency: dpl
- Transcribing agency: dpl
100 ## - HEADING--PERSONAL NAME
- Personal name: शर्मा गंगाप्रसाद
670 ## - SOURCE DATA FOUND
- Source citation: Work cat.: (dpl)201694: शर्मा गंगाप्रसाद, हिन्दू मान्यताओ का वैज्ञानिक आधार;, 2022
